[Event "XXXI Festival A"]
[Site "Arco ITA"]
[Date "2009.10.20"]
[Round "5"]
[White "Innocenti, Sandro"]
[Black "Marcori, Mirko"]
[Result "1-0"]
[WhiteElo "1701"]
[BlackElo "1878"]
[PlyCount "177"]
[EventDate "2009.10.17"]

1. e4 c5 2. Nf3 Nc6 3. d4 cxd4 4. Nxd4 d6 5. Be2 Nf6 6. Nc3 e5 7. Nf3 a6 8. a4
Be6 9. Ng5 Be7 10. Nxe6 fxe6 11. Bc4 Qd7 12. O-O O-O 13. f4 Na5 14. Ba2 exf4
15. e5 Ne8 16. Qg4 Nc7 17. Bxf4 dxe5 18. Bxe5 Bc5+ 19. Kh1 Nc6 20. Bxc7 Qxc7
21. Bxe6+ Kh8 22. Rad1 Rxf1+ 23. Rxf1 Rf8 24. Rxf8+ Bxf8 25. Qf5 Qe7 26. Nd5
Qe8 27. c3 Nd8 28. Nf4 Nxe6 29. Nxe6 Be7 30. h3 Qxa4 31. Qd5 h6 32. Kh2 Qc2 33.
Qe5 Qg6 34. Qb8+ Kh7 35. Nf8+ Bxf8 36. Qxf8 Qe4 37. Qc5 Qf4+ 38. Kg1 Qc1+ 39.
Kh2 Qxb2 40. Qf5+ Kg8 41. Qe6+ Kf8 42. Qd6+ Ke8 43. Qe6+ Kf8 44. Qd6+ Kf7 45.
Qd7+ Kf6 46. Qd6+ Kf5 47. Qd5+ Kg6 48. Qe6+ Kh7 49. Qf5+ Kg8 50. Qe6+ Kf8 51.
Qd6+ Ke8 52. Qe6+ Kd8 53. Qg8+ Kc7 54. Qxg7+ Kb8 55. Qxh6 Qxc3 56. g4 Qe5+ 57.
Kg2 a5 58. g5 a4 59. g6 Qe4+ 60. Kg3 Qd3+ 61. Kg4 Qe2+ 62. Kf5 Qd3+ 63. Kf6
Qd6+ 64. Kf7 Qd7+ 65. Kg8 a3 66. Qf8+ Qc8 67. g7 a2 68. Kf7 a1=Q 69. Qxc8+ Kxc8
70. g8=Q+ Kc7 71. Qg3+ Kc8 72. Qg4+ Kb8 73. h4 Qa2+ 74. Kg6 Qg8+ 75. Kf5 Qh7+
76. Kf4 b5 77. h5 b4 78. Qd1 Qh6+ 79. Ke4 Qe6+ 80. Kd3 Qd5+ 81. Ke2 Qxh5+ 82.
Kd2 Qd5+ 83. Ke1 Qc4 84. Qe2 Qc5 85. Kd1 Kb7 86. Qc2 Qg1+ 87. Kd2 Qf2+ 88. Kc1
Kb6 89. Qxf2+ 1-0

[Event "XXXI Festival A"]
[Site "Arco ITA"]
[Date "2009.10.20"]
[Round "5"]
[White "Kern, Beat"]
[Black "Weinberg, Emanuele"]
[Result "1/2-1/2"]
[WhiteElo "1651"]
[BlackElo "1874"]
[PlyCount "87"]
[EventDate "2009.10.17"]

1. Nf3 d5 2. d4 Nf6 3. g3 Bf5 4. Bg2 e6 5. O-O Nbd7 6. Bg5 h6 7. Bxf6 Nxf6 8.
c4 c6 9. Qb3 Qc7 10. Nc3 Be7 11. Rac1 dxc4 12. Qxc4 a6 13. e3 O-O 14. Nh4 Bh7
15. Nf3 Rad8 16. Qe2 c5 17. Rfd1 c4 18. Ne5 b5 19. a3 Nd5 20. Nxd5 exd5 21. e4
dxe4 22. Bxe4 Bxe4 23. Qxe4 Bd6 24. Nf3 Rfe8 25. Qc2 Qe7 26. a4 Qe2 27. Kg2
Qxc2 28. Rxc2 Rd7 29. axb5 axb5 30. Kf1 Ra7 31. d5 Rc7 32. Nd4 Rc5 33. Nf5 Bf8
34. Ne3 Rd8 35. Rcd2 g6 36. d6 Rd7 37. Rd5 Rxd5 38. Rxd5 Rxd6 39. Rxb5 Rc6 40.
Rb8 Kg7 41. Rb7 Bd6 42. Rb5 c3 43. bxc3 Rxc3 44. Rd5 1/2-1/2

[Event "XXXI Festival A"]
[Site "Arco ITA"]
[Date "2009.10.20"]
[Round "5"]
[White "Kierzek, Matthias"]
[Black "Wohl, Aleksandar H."]
[Result "0-1"]
[WhiteElo "2154"]
[BlackElo "2417"]
[PlyCount "66"]
[EventDate "2009.10.17"]

1. d4 g6 2. e4 Bg7 3. Nf3 d6 4. Nc3 a6 5. a4 Nd7 6. Bc4 e6 7. Bg5 Ne7 8. d5 e5
9. O-O h6 10. Bh4 g5 11. Bg3 Ng6 12. Nd2 h5 13. f3 Nf6 14. Ne2 h4 15. Bf2 g4
16. Be3 Nh5 17. fxg4 Bxg4 18. Nf3 Bh6 19. Qd2 Bxe3+ 20. Qxe3 Ngf4 21. Nxf4 Nxf4
22. Rf2 Rg8 23. Kh1 Qf6 24. Be2 Bxf3 25. Bxf3 Qh6 26. b4 Rg3 27. Qd2 h3 28. Kg1
hxg2 29. Bxg2 Rg6 30. Kh1 O-O-O 31. b5 Rdg8 32. Bf3 Nh3 33. Rg2 Qxd2 0-1

[Event "XXXI Festival A"]
[Site "Arco ITA"]
[Date "2009.10.20"]
[Round "5"]
[White "Kierzek, Mira"]
[Black "Karl, Hans"]
[Result "1/2-1/2"]
[WhiteElo "2043"]
[BlackElo "2229"]
[PlyCount "84"]
[EventDate "2009.10.17"]

1. e4 e5 2. Nf3 Nc6 3. Bb5 a6 4. Ba4 Nf6 5. O-O Nxe4 6. d4 b5 7. Bb3 d5 8. dxe5
Be6 9. c3 Be7 10. Be3 O-O 11. Bc2 Bg4 12. Bd4 Nxd4 13. cxd4 c5 14. dxc5 Bxc5
15. Qd3 Qb6 16. Qe2 f5 17. Bb3 Rad8 18. Nc3 Nxc3 19. bxc3 Kh8 20. Rad1 d4 21.
cxd4 Rxd4 22. Rxd4 Bxd4 23. e6 Re8 24. Qd3 Bxf3 25. Qxf3 g6 26. h3 Kg7 27. Rc1
Re7 28. Bd5 Qa5 29. Qd3 Qb6 30. Rc2 a5 31. Rd2 Be5 32. Qe2 Bf6 33. Rc2 b4 34.
Rc6 Qd4 35. Bb3 Qa1+ 36. Qf1 Qd4 37. Qe1 Be5 38. Qd1 Qf4 39. g3 Qe4 40. Bd5 Qd4
41. Qxd4 Bxd4 42. Ra6 Rc7 1/2-1/2

[Event "XXXI Festival A"]
[Site "Arco ITA"]
[Date "2009.10.20"]
[Round "5"]
[White "Kummer, Heinz"]
[Black "Matei, Bogdan Stefan"]
[Result "0-1"]
[WhiteElo "1863"]
[BlackElo "1707"]
[PlyCount "100"]
[EventDate "2009.10.17"]

1. e4 c6 2. d4 d5 3. Nc3 dxe4 4. Nxe4 Bf5 5. Ng3 Bg6 6. h4 h6 7. Nf3 Nd7 8. h5
Bh7 9. Bd3 Bxd3 10. Qxd3 e6 11. Bd2 Ngf6 12. Qe2 Qc7 13. O-O-O O-O-O 14. Kb1 c5
15. c4 cxd4 16. Nxd4 Qe5 17. Bc3 Qxe2 18. Ndxe2 Bc5 19. f3 a6 20. Kc2 Rhg8 21.
Rd3 Bb6 22. Rhd1 Bc7 23. Bd2 g6 24. Bf4 e5 25. Bxh6 gxh5 26. Nf5 Rxg2 27. Ne7+
Kb8 28. R1d2 Ba5 29. Nc3 Rxd2+ 30. Bxd2 Nc5 31. Re3 Ne6 32. Rxe5 Nd4+ 33. Kc1
Bc7 34. Rg5 Nxf3 35. Rf5 Nxd2 36. Rxf6 Nxc4 37. Rxf7 h4 38. Rh7 Bf4+ 39. Kc2
Rd2+ 40. Kb3 Nxb2 41. Rxh4 Nd3 42. Ned5 Nc5+ 43. Kc4 Bd6 44. Rh8+ Ka7 45. Rh7
Rg2 46. Ne3 Rf2 47. Ned5 Rf3 48. a4 Rg3 49. Rh4 Nxa4 50. Ne4 Nb2+ 0-1

[Event "XXXI Festival A"]
[Site "Arco ITA"]
[Date "2009.10.20"]
[Round "5"]
[White "Lazzaroni, Fabio"]
[Black "Pisani, Valerio"]
[Result "0-1"]
[WhiteElo "1867"]
[BlackElo "1789"]
[PlyCount "102"]
[EventDate "2009.10.17"]

1. e4 e6 2. d4 d5 3. Nc3 Nf6 4. e5 Nfd7 5. Nce2 c5 6. c3 Nc6 7. f4 f6 8. Nf3
Be7 9. g3 O-O 10. Bh3 f5 11. O-O Qe8 12. Be3 Qh5 13. Bg2 b6 14. Qa4 Bb7 15. Kh1
a6 16. Neg1 b5 17. Qd1 Rfc8 18. Rc1 Rc7 19. Nh3 h6 20. Nf2 Rac8 21. Qe2 cxd4
22. cxd4 Nb6 23. b3 Ba3 24. Rc2 Nb4 25. Rxc7 Rxc7 26. Rd1 Qe8 27. Nd3 Nxd3 28.
Qxd3 Qc8 29. Bd2 Rc2 30. Ba5 Nd7 31. Rd2 Rc1+ 32. Rd1 Qc2 33. Qxc2 Rxc2 34. Rd2
Rc1+ 35. Ng1 Nb8 36. Bf3 Nc6 37. Bb6 Bb4 38. Rd1 Rc2 39. a4 bxa4 40. bxa4 Ra2
41. Ne2 Rxa4 42. Rc1 Kf7 43. g4 fxg4 44. Bxg4 Bd2 45. Rf1 g6 46. h4 h5 47. Bh3
Be3 48. Nc3 Rc4 49. Nxd5 exd5 50. e6+ Kf6 51. f5 Rc2 0-1

[Event "XXXI Festival A"]
[Site "Arco ITA"]
[Date "2009.10.20"]
[Round "5"]
[White "Maneschi, Giuseppe"]
[Black "Wagner, Frank"]
[Result "1/2-1/2"]
[WhiteElo "2072"]
[BlackElo "1929"]
[PlyCount "42"]
[EventDate "2009.10.17"]

1. c4 Nf6 2. g3 g6 3. Bg2 Bg7 4. Nc3 O-O 5. d4 c6 6. e4 d6 7. Nge2 Nbd7 8. O-O
Rb8 9. a4 c5 10. h3 a6 11. Be3 Qc7 12. b3 cxd4 13. Bxd4 b6 14. Rc1 Bb7 15. Nf4
e5 16. Nfd5 Nxd5 17. Nxd5 Bxd5 18. cxd5 Nc5 19. Bc3 a5 20. b4 axb4 21. Bxb4 Qa7
1/2-1/2

[Event "XXXI Festival A"]
[Site "Arco ITA"]
[Date "2009.10.20"]
[Round "5"]
[White "Modena, Giorgio"]
[Black "Rampini, Carlo"]
[Result "0-1"]
[WhiteElo "1892"]
[BlackElo "1820"]
[PlyCount "86"]
[EventDate "2009.10.17"]

1. e4 e5 2. Nf3 Nc6 3. Bb5 Nf6 4. d3 Nd4 5. Ba4 b5 6. Nxd4 bxa4 7. Nf3 d5 8.
exd5 Qxd5 9. h3 e4 10. Nc3 Bb4 11. dxe4 Qxd1+ 12. Kxd1 Bxc3 13. bxc3 Nxe4 14.
Re1 Bb7 15. Bb2 O-O-O+ 16. Ke2 Ba6+ 17. Ke3 Rhe8 18. Kf4 Bb7 19. Rad1 Rxd1 20.
Rxd1 Nxf2 21. Rd4 Re4+ 22. Rxe4 Nxe4 23. g3 f6 24. h4 Nd6 25. Nd4 Kd7 26. Ba3
Bd5 27. Bxd6 cxd6 28. a3 a6 29. Ke3 Bc4 30. Ke4 g6 31. Ke3 h5 32. Kf4 d5 33. g4
hxg4 34. Kxg4 Kd6 35. Kf4 Bf1 36. Nf3 Be2 37. Nd2 Bd1 38. c4 Bxc2 39. cxd5 Kxd5
40. Nf1 Kc4 41. Ne3+ Kb3 42. Nd5 Kxa3 43. Nxf6 Kb3 0-1

[Event "XXXI Festival A"]
[Site "Arco ITA"]
[Date "2009.10.20"]
[Round "5"]
[White "Mombelli, Antonio"]
[Black "Sprea, Giuseppe"]
[Result "1-0"]
[WhiteElo "1829"]
[BlackElo "2018"]
[PlyCount "73"]
[EventDate "2009.10.17"]

1. e4 c5 2. c3 d6 3. d4 cxd4 4. cxd4 Nf6 5. Nc3 g6 6. Nf3 Bg7 7. Be2 O-O 8. O-O
e6 9. Be3 h6 10. h3 Nc6 11. Qd2 Kh7 12. Rac1 Bd7 13. Rfd1 d5 14. e5 Ng8 15. Bd3
a6 16. b3 b5 17. Ne2 Qb6 18. Nf4 Rfc8 19. Bb1 Bf8 20. Nd3 Be8 21. Nc5 a5 22. a3
a4 23. b4 Rc7 24. Rc3 Qb8 25. Rdc1 Nge7 26. Bd3 Raa7 27. g4 Ng8 28. R1c2 Bg7
29. Qc1 Nge7 30. Nh4 Bxe5 31. Nxe6 fxe6 32. dxe5 Rd7 33. Bxa7 Nxa7 34. Rc7 Rxc7
35. Rxc7 Nac6 36. Bxg6+ Bxg6 37. Qxc6 1-0

[Event "XXXI Festival A"]
[Site "Arco ITA"]
[Date "2009.10.20"]
[Round "5"]
[White "Mondon, Fabrice"]
[Black "Dalponte, Dino"]
[Result "0-1"]
[WhiteElo "2029"]
[BlackElo "2138"]
[PlyCount "80"]
[EventDate "2009.10.17"]

1. e4 d6 2. d4 c6 3. Nc3 g6 4. f4 Bg7 5. Nf3 Bg4 6. e5 d5 7. h3 Bxf3 8. Qxf3 e6
9. Bd3 Nd7 10. O-O a6 11. Kh1 Ne7 12. Ne2 b5 13. b3 c5 14. dxc5 Nxc5 15. Ba3
Nxd3 16. Qxd3 Nc6 17. Bd6 Bf8 18. Bxf8 Kxf8 19. c4 dxc4 20. Qc3 Qd3 21. Qxd3
cxd3 22. Ng3 Rd8 23. Ne4 Rd4 24. Nd6 Kg7 25. Rad1 Nb4 26. Rd2 f6 27. a3 Nd5 28.
g3 fxe5 29. fxe5 Rf8 30. Rxf8 Kxf8 31. Kg2 Ne3+ 32. Kf2 Nc2 33. a4 Rd5 34. axb5
axb5 35. Kf3 Rxe5 36. Kf4 Rd5 37. Nb7 Ke7 38. Ke4 Nb4 39. Na5 Kd7 40. g4 Kc7
0-1

[Event "XXXI Festival A"]
[Site "Arco ITA"]
[Date "2009.10.20"]
[Round "5"]
[White "Mulone, Gaspare"]
[Black "De Polzer, Manfredi"]
[Result "1-0"]
[WhiteElo "1394"]
[BlackElo "1812"]
[PlyCount "103"]
[EventDate "2009.10.17"]

1. e4 e6 2. d4 d5 3. e5 c5 4. c3 Nc6 5. Nf3 Qb6 6. Qd2 cxd4 7. cxd4 Nge7 8. g4
Bd7 9. Bg2 Rc8 10. O-O h5 11. g5 g6 12. b3 Nb4 13. Nc3 Nf5 14. Rd1 Be7 15. Bb2
O-O 16. a3 Nc6 17. b4 a5 18. b5 Na7 19. a4 Bb4 20. Rdc1 Rc7 21. Ba3 Rfc8 22.
Bxb4 Rc4 23. Bc5 Qc7 24. Bf1 Rxc5 25. dxc5 Qxc5 26. Ne2 Qb4 27. Rxc8+ Nxc8 28.
Qxb4 axb4 29. Ned4 Nb6 30. a5 Nc4 31. a6 bxa6 32. bxa6 Bc8 33. a7 Bb7 34. a8=Q+
Bxa8 35. Rxa8+ Kg7 36. Rb8 Nxd4 37. Nxd4 Nxe5 38. Rxb4 Nd7 39. Rb7 Nc5 40. Ra7
e5 41. Nc6 Ne6 42. h4 e4 43. Ne5 d4 44. Rxf7+ Kg8 45. Rd7 d3 46. Nxg6 Nc5 47.
Rd5 Nb3 48. Nf4 Nc1 49. Kg2 Na2 50. Nxh5 Nc3 51. Rd8+ Kf7 52. Bxd3 1-0

[Event "XXXI Festival A"]
[Site "Arco ITA"]
[Date "2009.10.20"]
[Round "5"]
[White "Nania, Alberto"]
[Black "Isatto, Davide"]
[Result "0-1"]
[WhiteElo "1704"]
[BlackElo "1942"]
[PlyCount "76"]
[EventDate "2009.10.17"]

1. Nf3 Nf6 2. d4 g6 3. Nc3 d5 4. Bf4 c6 5. h3 Bg7 6. Qd2 Ne4 7. Nxe4 dxe4 8.
Ne5 f6 9. Nc4 O-O 10. O-O-O Be6 11. e3 Nd7 12. g4 a5 13. g5 b5 14. Na3 f5 15.
h4 Bf7 16. h5 gxh5 17. Be2 Qe8 18. Rh3 e5 19. dxe5 Nxe5 20. Bxh5 Bxh5 21. Rdh1
Bg6 22. Nb1 Nc4 23. Qe2 Bxb2+ 24. Kd1 Rd8+ 25. Ke1 Qe7 26. Kf1 Rd7 27. c3 Rfd8
28. Kg2 Rd3 29. R1h2 Rd1 30. Rxh7 Bxh7 31. Qh5 Qg7 32. Rh1 Rxh1 33. Kxh1 Bg6
34. Qe2 Qd7 35. Kg2 Qd1 36. Qf1 Qf3+ 37. Kh2 Kg7 38. Qh3 Rh8 0-1

[Event "XXXI Festival A"]
[Site "Arco ITA"]
[Date "2009.10.20"]
[Round "5"]
[White "Niccoli, Paolo"]
[Black "De Andres Gonalons, Fernando"]
[Result "1-0"]
[WhiteElo "1947"]
[BlackElo "2088"]
[PlyCount "33"]
[EventDate "2009.10.17"]

1. e4 e6 2. d4 d5 3. Nc3 Nf6 4. Bg5 Be7 5. e5 Nfd7 6. h4 Bxg5 7. hxg5 Qxg5 8.
Nh3 Qe7 9. Qg4 g6 10. O-O-O a6 11. Nf4 h5 12. Qg3 Nf8 13. Ncxd5 exd5 14. Nxd5
Qd8 15. Nf6+ Ke7 16. Qa3+ Ke6 17. Bc4+ 1-0

[Event "XXXI Festival A"]
[Site "Arco ITA"]
[Date "2009.10.20"]
[Round "5"]
[White "Orlandi, Stefano"]
[Black "Lezzerini, Marco"]
[Result "1-0"]
[WhiteElo "1948"]
[BlackElo "1587"]
[PlyCount "63"]
[EventDate "2009.10.17"]

1. e4 c6 2. d4 d5 3. e5 Bf5 4. Nf3 e6 5. c3 Ne7 6. Nh4 Bg6 7. Nxg6 Nxg6 8. Bd3
Nd7 9. O-O Be7 10. f4 Qb6 11. Nd2 O-O-O 12. b4 Rdf8 13. Nf3 Bd8 14. Kh1 f5 15.
a4 a6 16. Be3 Re8 17. Qe2 Kb8 18. Rfb1 Ka7 19. b5 a5 20. bxc6 Qxc6 21. c4 Ka8
22. cxd5 Qxd5 23. Nd2 Nb8 24. Rb5 Qd7 25. Nc4 Nc6 26. Nd6 b6 27. d5 exd5 28.
Bxf5 Qa7 29. Nc8 Qf7 30. Nxb6+ Bxb6 31. Rxb6 Nb4 32. Qb5 1-0

[Event "XXXI Festival A"]
[Site "Arco ITA"]
[Date "2009.10.20"]
[Round "5"]
[White "Parrini, Daniele"]
[Black "Del Nevo, Claudio"]
[Result "1-0"]
[WhiteElo "2022"]
[BlackElo "1858"]
[PlyCount "45"]
[EventDate "2009.10.17"]

1. e4 d6 2. d4 Nf6 3. Nc3 g6 4. Be3 Bg7 5. Qd2 c6 6. f3 O-O 7. Bh6 b5 8. h4 e5
9. Nge2 exd4 10. Nxd4 b4 11. Nce2 c5 12. Nb3 Qd7 13. Bxg7 Kxg7 14. O-O-O h5 15.
Qxd6 Qxd6 16. Rxd6 c4 17. Na5 Be6 18. Nf4 b3 19. axb3 cxb3 20. Rxe6 Rc8 21. Rd6
bxc2 22. Nc4 Nbd7 23. e5 1-0

[Event "XXXI Festival A"]
[Site "Arco ITA"]
[Date "2009.10.20"]
[Round "5"]
[White "Pienabarca, Nicola"]
[Black "Terna, Giovanni"]
[Result "1-0"]
[WhiteElo "2067"]
[BlackElo "1766"]
[PlyCount "49"]
[EventDate "2009.10.17"]

1. d4 Nf6 2. Nf3 g6 3. g3 Bg7 4. Bg2 O-O 5. c4 d6 6. O-O Nbd7 7. Nc3 e5 8. e4
c6 9. h3 Qb6 10. c5 dxc5 11. dxe5 Ne8 12. Na4 Qb5 13. Bg5 Nxe5 14. Nxe5 f6 15.
Be3 fxe5 16. Bxc5 Be6 17. Bxf8 Bxf8 18. Qc2 Nf6 19. b3 Be7 20. Rac1 Rf8 21. Nc5
Bf7 22. Qc3 Bd6 23. Rfd1 Bc7 24. a4 Qe2 25. Bf3 1-0

[Event "XXXI Festival A"]
[Site "Arco ITA"]
[Date "2009.10.20"]
[Round "5"]
[White "Pistone, Salvatore"]
[Black "Savarese, Vincenzo"]
[Result "1/2-1/2"]
[WhiteElo "1864"]
[BlackElo "1810"]
[PlyCount "72"]
[EventDate "2009.10.17"]

1. c4 Nf6 2. Nc3 e6 3. g3 d5 4. cxd5 exd5 5. d4 c6 6. Nf3 Bd6 7. Bg2 O-O 8. O-O
Nbd7 9. Qc2 Re8 10. Re1 Bb4 11. Bg5 Qa5 12. Nd2 Bxc3 13. bxc3 Ne4 14. Nxe4 dxe4
15. Bxe4 Qxg5 16. Bxh7+ Kh8 17. f4 Qh6 18. Bd3 Nf6 19. e4 Bh3 20. Bf1 Re7 21.
e5 Rae8 22. c4 Bxf1 23. Kxf1 Ng4 24. Kg1 f6 25. Rad1 g5 26. d5 fxe5 27. d6 Rd7
28. fxe5 Nxe5 29. Qf5 Qe6 30. Qxe6 Rxe6 31. Kg2 Kg7 32. c5 b6 33. Rd4 Kg6 34.
Rde4 Kf5 35. g4+ Kf6 36. Rf1+ Kg6 1/2-1/2

[Event "XXXI Festival A"]
[Site "Arco ITA"]
[Date "2009.10.20"]
[Round "5"]
[White "Ricci, Alfredo"]
[Black "Salati, Paolo"]
[Result "1-0"]
[WhiteElo "1993"]
[BlackElo "1866"]
[PlyCount "119"]
[EventDate "2009.10.17"]

1. e4 Nf6 2. Nc3 d5 3. exd5 Nxd5 4. Bc4 e6 5. Qf3 c6 6. Nge2 Nd7 7. d4 Qf6 8.
Nf4 Qxd4 9. Bxd5 cxd5 10. O-O a6 11. Nfxd5 Bd6 12. Qe4 Qxe4 13. Nxe4 Be5 14.
Nb4 Nf6 15. Ng5 h6 16. Nf3 Bd6 17. Nd3 Bd7 18. c4 Rc8 19. b3 Ke7 20. Rd1 b5 21.
c5 Bb8 22. Bb2 Rhd8 23. Nde5 b4 24. Rac1 Bb5 25. Bd4 Nd5 26. Nc4 Bxc4 27. bxc4
Nc3 28. Bxc3 Rxd1+ 29. Rxd1 bxc3 30. Rc1 Rxc5 31. Rxc3 Bc7 32. Kf1 f6 33. Ke2
Ra5 34. Rc2 Kd6 35. Nd4 Bb6 36. Nb3 Re5+ 37. Kd3 g5 38. h3 h5 39. Re2 Rxe2 40.
Kxe2 f5 41. f3 f4 42. Kd3 Bc5 43. Nd2 Kc6 44. Ke4 Be3 45. Nb3 Kd6 46. a4 Bb6
47. h4 gxh4 48. Kxf4 Bf2 49. Ke4 Bg3 50. c5+ Kc6 51. Kd4 Kc7 52. Kc4 Be1 53.
Nd4 Kd7 54. Nc2 Bd2 55. Nb4 Bxb4 56. Kxb4 Kc6 57. Ka5 Kxc5 58. Kxa6 e5 59. Kb7
h3 60. gxh3 1-0

[Event "XXXI Festival A"]
[Site "Arco ITA"]
[Date "2009.10.20"]
[Round "5"]
[White "Riepma, Henk"]
[Black "Buglisi, Massimo"]
[Result "1-0"]
[WhiteElo "2117"]
[BlackElo "1931"]
[PlyCount "73"]
[EventDate "2009.10.17"]

1. f4 c5 2. Nf3 Nc6 3. e3 g6 4. d4 Bg7 5. c3 d5 6. Bd3 Nf6 7. O-O b6 8. Qe1 Bb7
9. Nbd2 O-O 10. f5 Qc7 11. Qh4 e5 12. fxe6 fxe6 13. Ng5 Rae8 14. Ndf3 e5 15. e4
exd4 16. exd5 Nd8 17. c4 Qd7 18. h3 b5 19. b3 bxc4 20. bxc4 Bxd5 21. cxd5 Qxd5
22. Nd2 Qd7 23. Bc4+ Kh8 24. Ndf3 Nc6 25. Bd2 Qc7 26. Rae1 Rxe1 27. Rxe1 Nh5
28. Ne6 Qg3 29. Qxg3 Nxg3 30. Nxf8 Bxf8 31. Ne5 Nxe5 32. Rxe5 Nf5 33. Bf4 Kg7
34. Re8 Bd6 35. Be5+ Bxe5 36. Rxe5 Ne3 37. Rxc5 1-0

[Event "XXXI Festival A"]
[Site "Arco ITA"]
[Date "2009.10.20"]
[Round "5"]
[White "Rizzoli, Aluna"]
[Black "Mazza, Maurizio"]
[Result "1-0"]
[WhiteElo "1878"]
[BlackElo "1677"]
[PlyCount "35"]
[EventDate "2009.10.17"]

1. e4 e5 2. f4 exf4 3. Bc4 Be7 4. d4 d6 5. Nc3 c6 6. Bxf4 Nf6 7. Nf3 O-O 8. O-O
Bg4 9. Qd3 Nbd7 10. Rad1 Bh5 11. Bb3 Bg6 12. Nh4 Qb6 13. Nxg6 hxg6 14. Kh1 Rae8
15. e5 dxe5 16. Bxe5 Nxe5 17. dxe5 Rd8 18. exf6 1-0

[Event "XXXI Festival A"]
[Site "Arco ITA"]
[Date "2009.10.20"]
[Round "5"]
[White "Roversi, Stefano"]
[Black "Ebeling, Jens"]
[Result "0-1"]
[WhiteElo "1824"]
[BlackElo "2047"]
[PlyCount "90"]
[EventDate "2009.10.17"]

1. e4 c5 2. Nf3 e6 3. c4 Nc6 4. Nc3 Nf6 5. Bd3 Be7 6. e5 Ng4 7. Qe2 Qc7 8. Nb5
Qb8 9. Nd6+ Bxd6 10. exd6 Qxd6 11. Ng5 Nf6 12. Ne4 Nxe4 13. Qxe4 Qe5 14. O-O
Qxe4 15. Bxe4 Nd4 16. Re1 O-O 17. b3 d5 18. Bb1 dxc4 19. bxc4 Bd7 20. Bb2 Bc6
21. Re5 b6 22. Bxd4 cxd4 23. Be4 Rac8 24. d3 Rfd8 25. a4 Bxe4 26. Rxe4 Rc5 27.
f4 Rd6 28. Re5 f6 29. Rxc5 bxc5 30. Rb1 Ra6 31. Rb5 Rxa4 32. Rxc5 Ra3 33. Rc8+
Kf7 34. Rc7+ Kg6 35. c5 Rxd3 36. Rxa7 Rc3 37. Rd7 e5 38. fxe5 fxe5 39. Rd6+ Kf5
40. c6 Ke4 41. Rd7 Ke3 42. h4 d3 43. Rxg7 Rxc6 44. Rg3+ Ke2 45. Rg5 e4 0-1

[Event "XXXI Festival A"]
[Site "Arco ITA"]
[Date "2009.10.20"]
[Round "5"]
[White "Rozentalis, Eduardas"]
[Black "Dittmar, Peter"]
[Result "1-0"]
[WhiteElo "2603"]
[BlackElo "2359"]
[PlyCount "71"]
[EventDate "2009.10.17"]

1. e4 c6 2. d4 d5 3. f3 e6 4. Nc3 Bb4 5. a3 Bxc3+ 6. bxc3 Ne7 7. a4 b6 8. a5
bxa5 9. Bd3 Ba6 10. Ne2 O-O 11. O-O c5 12. Bxa6 Nxa6 13. Qd3 c4 14. Qe3 Nb8 15.
Ng3 Nbc6 16. Nh5 Ng6 17. e5 Qh4 18. g4 Rab8 19. Kg2 Rfe8 20. h3 Kh8 21. f4 f5
22. exf6 gxf6 23. Qe2 e5 24. dxe5 fxe5 25. f5 Nf4+ 26. Nxf4 exf4 27. Qf3 Re4
28. Bxf4 Rbe8 29. Rf2 Qf6 30. Rd1 Ne5 31. Qg3 Qc6 32. Rd4 Re1 33. Bxe5+ R1xe5
34. f6 Re3 35. Qf4 Qe6 36. Qc7 1-0

[Event "XXXI Festival A"]
[Site "Arco ITA"]
[Date "2009.10.20"]
[Round "5"]
[White "Russo, Carmelo"]
[Black "Hasberger, Walter"]
[Result "1/2-1/2"]
[WhiteElo "1733"]
[BlackElo "1894"]
[PlyCount "60"]
[EventDate "2009.10.17"]

1. d4 d5 2. c4 c6 3. Nc3 Nf6 4. cxd5 cxd5 5. g3 Bd7 6. Bg2 Bc6 7. Nf3 e6 8. Ne5
Qb6 9. a3 a5 10. O-O Bd6 11. Na4 Qa7 12. Nxc6 Nxc6 13. e3 O-O 14. Nc3 Qb6 15.
Qa4 Rfc8 16. Rd1 h6 17. e4 dxe4 18. Nxe4 Be7 19. Nxf6+ Bxf6 20. Be3 Qc7 21.
Rac1 Ra6 22. Rc2 Qe7 23. Bf1 Raa8 24. Rdc1 Qd8 25. Bg2 Bxd4 26. Bxc6 Bxe3 27.
fxe3 Rxc6 28. Rxc6 bxc6 29. Qxc6 Rb8 30. Qc3 a4 1/2-1/2

[Event "XXXI Festival A"]
[Site "Arco ITA"]
[Date "2009.10.20"]
[Round "5"]
[White "Schrott, Ernst"]
[Black "Koenig, Joel"]
[Result "1-0"]
[WhiteElo "2059"]
[BlackElo "1884"]
[PlyCount "89"]
[EventDate "2009.10.17"]

1. e4 Nc6 2. d4 d5 3. e5 Bf5 4. Nf3 e6 5. Bd3 Nge7 6. Be3 Qd7 7. a4 Nb4 8. Bxf5
Nxf5 9. c3 Nc6 10. b4 Be7 11. Nbd2 O-O 12. O-O f6 13. Nb3 b6 14. Re1 Nd8 15.
Bf4 Nf7 16. Qe2 Rae8 17. a5 fxe5 18. Bxe5 Bd6 19. axb6 axb6 20. Ra7 Bxe5 21.
dxe5 Qc6 22. Qd3 Ra8 23. Rea1 Rxa7 24. Rxa7 h6 25. b5 Qd7 26. c4 d4 27. g4 Nh4
28. Nxh4 Nxe5 29. Qxd4 Qe7 30. Qxe5 Qxh4 31. Qg3 Qf6 32. Rxc7 Qb2 33. Kg2 e5
34. Qe3 Rf4 35. Rc8+ Kh7 36. h3 Qc2 37. Re8 Re4 38. Qf3 Rf4 39. Qe3 Re4 40. Qg3
Rf4 41. Rxe5 Rxc4 42. Re3 Rb4 43. Rc3 Qe4+ 44. Qf3 Qe5 45. Qd3+ 1-0

[Event "XXXI Festival A"]
[Site "Arco ITA"]
[Date "2009.10.20"]
[Round "5"]
[White "Stolfa, Rodolfo"]
[Black "Gasperoni, Claudio"]
[Result "1/2-1/2"]
[WhiteElo "1886"]
[BlackElo "1770"]
[PlyCount "53"]
[EventDate "2009.10.17"]

1. d4 d5 2. c4 e6 3. Nc3 c5 4. Nf3 Nc6 5. e3 Nf6 6. cxd5 exd5 7. dxc5 Bxc5 8.
Be2 O-O 9. O-O Bd6 10. Nb5 Bb8 11. b3 a6 12. Nbd4 Qc7 13. Bb2 Ng4 14. g3 Qd6
15. Nh4 Nge5 16. f4 Ng6 17. Nhf5 Qf6 18. g4 Bxf5 19. gxf5 Nxd4 20. Qxd4 Qxd4
21. Bxd4 Ne7 22. f6 Nf5 23. fxg7 Re8 24. Bg4 Nxd4 25. exd4 Ba7 26. Rad1 Kxg7
27. Rd3 1/2-1/2

[Event "XXXI Festival A"]
[Site "Arco ITA"]
[Date "2009.10.20"]
[Round "5"]
[White "Thompson, Edward Nii Lamptey"]
[Black "Schaberg, Wolfgang"]
[Result "1/2-1/2"]
[WhiteElo "1818"]
[BlackElo "1943"]
[PlyCount "66"]
[EventDate "2009.10.17"]

1. d4 d5 2. c4 c6 3. Nc3 Nf6 4. Nf3 dxc4 5. a4 Bf5 6. e3 e6 7. Bxc4 Bb4 8. Bd2
Nbd7 9. O-O O-O 10. Rc1 Re8 11. h3 h6 12. Re1 Bh7 13. Qb3 Bxc3 14. Bxc3 Rb8 15.
Bb4 Nb6 16. Ba5 Ne4 17. Bf1 Qd5 18. Qb4 Qd6 19. Qxd6 Nxd6 20. Ne5 Nd5 21. Red1
Rbc8 22. Be1 f6 23. Nc4 Nxc4 24. Bxc4 Kf7 25. b4 Re7 26. b5 Rec7 27. Bd2 cxb5
28. Bxb5 Rxc1 29. Rxc1 Rxc1+ 30. Bxc1 Nc3 31. Bd2 Nxb5 32. axb5 Bd3 33. b6 axb6
1/2-1/2

[Event "XXXI Festival A"]
[Site "Arco ITA"]
[Date "2009.10.20"]
[Round "5"]
[White "Tovazzi, Maurizio"]
[Black "Pedrotti, Luciano"]
[Result "0-1"]
[WhiteElo "1643"]
[BlackElo "1829"]
[PlyCount "54"]
[EventDate "2009.10.17"]

1. d4 Nf6 2. c4 e6 3. Nf3 b6 4. e3 Bb7 5. Be2 d5 6. Nbd2 c5 7. O-O cxd4 8. Nxd4
Be7 9. b3 O-O 10. Bb2 Nbd7 11. N2f3 Bd6 12. Rc1 Rc8 13. h3 Bb8 14. Re1 Ne4 15.
Bd3 Ndc5 16. Bb1 Qf6 17. Qe2 Ng5 18. Nxg5 Qxg5 19. Nf3 Qh6 20. Red1 dxc4 21.
Rxc4 Rfd8 22. Rg4 g6 23. h4 f5 24. Rg5 Bxf3 25. Qxf3 Qxh4 26. Rxd8+ Rxd8 27.
Bf6 Qh2+ 0-1

[Event "XXXI Festival A"]
[Site "Arco ITA"]
[Date "2009.10.20"]
[Round "5"]
[White "Traversi, Carlo"]
[Black "Marini, Lucio"]
[Result "0-1"]
[WhiteElo "1725"]
[BlackElo "1884"]
[PlyCount "68"]
[EventDate "2009.10.17"]

1. e4 c5 2. g3 d5 3. Bg2 dxe4 4. Bxe4 Nf6 5. Bg2 Nc6 6. Nf3 Bg4 7. d3 e6 8. O-O
Be7 9. a3 O-O 10. Qe1 Qc7 11. Bf4 Qb6 12. Qc1 Nd5 13. Bd2 Bf6 14. Nc3 Rac8 15.
Rb1 Qd8 16. Ne4 Nd4 17. Nxf6+ Qxf6 18. Nxd4 cxd4 19. Bg5 Qf5 20. Be4 Qe5 21. c4
dxc3 22. bxc3 Nxc3 23. Qe3 Nxb1 24. Bxh7+ Kxh7 25. Qxe5 Nc3 26. Bd2 Nd5 27. Rc1
Rxc1+ 28. Bxc1 Rc8 29. Bb2 f6 30. Qd4 Bf3 31. Kf1 Rc2 32. Ke1 Re2+ 33. Kf1 Rd2
34. Bc3 Nxc3 0-1